000 01296nam2a22002531 4500
001 rc\4146803
005 20250610124011.0
021 _aRU
_b[52-27628]
035 _a(NLR Aleph) 007904120
090 _a8056307
_c8056307
100 _a20130415d1952 |||y0rusy50 ca
101 0 _arus
102 _aRU
105 _ay z |||||
200 1 _a[Д.В. Григорович. И.И. Панаев. Я.П. Бутков. В.И. Даль. Е.П. Гребенка]
210 _d1952
_aБ. м.
215 _aXLVIII, 712 с.
461 0 _1001rc\4146802
_12001#$aРусские повести XIX века 40-х - 50-х годов$f[Подготовка текста, вступ. статья, с. V-XLVIII, и примеч. Б.С. Мейлаха]. Т. 1-$vТ. 1
_98056304
_cМосква
_d1952
_f[Подготовка текста, вступ. статья, с. V-XLVIII, и примеч. Б.С. Мейлаха]. Т. 1-
_nГослитиздат
_tРусские повести XIX века 40-х - 50-х годов
_vТ. 1
464 0 _1701#1$aГригорович$bД.В.
_1701#1$aПанаев$bИ.И.
_1701#1$aБутков$bЯ.П.
_1701#1$aДаль$bВ.И.
_1701#1$aГребенка$bЕ.П.
801 0 _aRU
_bNLR
_gpsbo
801 1 _aRU
_bELAR
_2rusmarc
852 _aNLR
_jЛ30 Г-5/675
942 _cBOOK
980 _aNB